Dovolená daňová optimalizácia verzus nedovolené zneužitie práva (C-277/09)

Za nedovolené zneužitie práva (obchádzanie zákona) sa považuje umelé plnenie medzi závislými osobami bez objektívneho hospodárskeho dôvodu len z cieľom získať daňovú výhodu (C-255/02; rozsudok Halifax). Za dovolenú daňovú optimalizáciu sa považuje bežná hospodárska transakcia medzi nezávislými osoba...

ver descrição completa

Na minha lista:
Detalhes bibliográficos
Autor principal: Pastierik, Vladimír
Formato: Capítulo de Livro
Idioma:eslovaco
Assuntos:
Tags: Adicionar Tag
Sem tags, seja o primeiro a adicionar uma tag!

MARC

LEADER 00000naa a2200000 4500
001 0178433
005 20231114103311.9
041 0 |a slo 
044 |a SK 
245 1 0 |a Dovolená daňová optimalizácia verzus nedovolené zneužitie práva (C-277/09)  |c Vladimír Pastierik 
520 |a Za nedovolené zneužitie práva (obchádzanie zákona) sa považuje umelé plnenie medzi závislými osobami bez objektívneho hospodárskeho dôvodu len z cieľom získať daňovú výhodu (C-255/02; rozsudok Halifax). Za dovolenú daňovú optimalizáciu sa považuje bežná hospodárska transakcia medzi nezávislými osobami realizovaná legálnym postupom obmedzujúcim daňové náklady (C-277/09; rozsudok RBS). 
610 2 0 |a optimalizácia daňová 
610 2 0 |a činy trestné 
610 2 0 |a úpravy právne 
100 1 |a Pastierik, Vladimír